Statistics for Guess the flag.

Click here to take the quiz!

General Stats

  • This quiz has been taken 8 times
  • The average score is 6 of 11

Answer Stats

Answer% Correct
India,New Delhi
88%
Poland,Warsaw
88%
Egypt,Cairo
75%
Saudi Arabia,Riyadh
63%
Belize,Belmopan
50%
Somalia,Mogadishu
50%
UAE,Abu Dhabi
50%
Mauritania,Nouakchott
38%
Nicaragua,Managua
38%
Vanuatu,Port Vila
38%
Andorra,Andorra la ville
25%

Score Distribution

Percentile by Number Answered

Percent of People with Each Score

Your Score History

You have not taken this quiz